000 00551nam a22001937a 4500
003 OSt
005 20260417105453.0
008 260417b |||||||| |||| 00| 0 eng d
020 _a9781975191474
040 _cNLM
082 _aQU18 A16b 2024
100 _aAbali, Emine E.; Carman, Roy; Spicer, Douglas B.
_919584
245 _aBiochemistry Behind the Symptoms
260 _aPhiladelphia; Wolters kluwer, 2024
300 _axi,435p.;Col.ill: 25.5cm
504 _aAppendices, & Index included
650 _aBiochemistry
_9443
942 _2z
_cO_SHELF
999 _c9633
_d9633